[Event "Washington op 5th"]
[Site "Rockville"]
[Date "2016.08.17"]
[Round "9"]
[White "Holt, Conrad"]
[Black "Kamsky, Gata"]
[Result "1/2-1/2"]
[WhiteElo "2541"]
[BlackElo "2638"]
[PlyCount "87"]
[EventDate "2016.08.13"]
[EventType "swiss"]
[EventRounds "9"]
[EventCountry "USA"]
[SourceTitle "CBM 173 Extra"]
[Source "ChessBase"]
[SourceDate "2016.08.29"]
[SourceVersion "1"]
[SourceVersionDate "2016.08.29"]
[SourceQuality "1"]

1. d4 f5 2. g3 Nf6 3. Bg2 g6 4. Nf3 Bg7 5. O-O d6 6. c4 O-O 7. Nc3 c6 8. Rb1 a5
9. Qb3 Kh8 10. Rd1 Na6 11. d5 Nc5 12. Qa3 cxd5 13. Be3 Nfe4 14. Nxd5 Be6 15.
Ng5 Nxg5 16. Bxg5 Bxd5 17. Bxd5 Qc7 18. Be3 Be5 19. f4 Bf6 20. Bf3 Rab8 21. Kg2
b6 22. b4 axb4 23. Qxb4 Rfc8 24. Bd5 Qa7 25. Rd2 Kg7 26. Bf3 Qa6 27. Rc2 Rc7
28. Rd1 Qc8 29. Rb1 h5 30. Qe1 Ne4 31. Rxb6 Rxb6 32. Bxb6 Rxc4 33. Rxc4 Qxc4
34. a3 Qa2 35. Qb4 Nc3 36. Kf1 Qc2 37. Bf2 d5 38. Kg2 Nxe2 39. Bxd5 h4 40. Qb3
Qd2 41. Bg8 Kh6 42. Qf7 Nxf4+ 43. gxf4 h3+ 44. Kxh3 1/2-1/2

[Event "US Masters op"]
[Site "Greensboro"]
[Date "2016.08.25"]
[Round "1.2"]
[White "Almeida Saenz, Alfonso"]
[Black "Kamsky, Gata"]
[Result "0-1"]
[WhiteElo "2311"]
[BlackElo "2638"]
[PlyCount "56"]
[EventDate "2016.08.25"]
[EventType "swiss"]
[EventRounds "9"]
[EventCountry "USA"]
[SourceTitle "CBM 174 Extra"]
[Source "ChessBase"]
[SourceDate "2016.10.10"]
[SourceVersion "1"]
[SourceVersionDate "2016.10.10"]
[SourceQuality "1"]

1. d4 Nf6 2. Bg5 d5 3. Bxf6 gxf6 4. e3 c5 5. c4 cxd4 6. Qxd4 dxc4 7. Qxd8+ Kxd8
8. Bxc4 e6 9. Nc3 Ke7 10. Nge2 Bg7 11. e4 Bd7 12. O-O Nc6 13. Rad1 Rac8 14. Ng3
Rhd8 15. Be2 Bh6 16. Nh5 a6 17. Rd3 Ne5 18. Rh3 Bd2 19. Rd1 Bc6 20. Ng3 h6 21.
Nd5+ Bxd5 22. Rxd2 Bxa2 23. Rxd8 Rxd8 24. Rxh6 b5 25. h4 Nc4 26. b4 Ne5 27. Nh5
Bc4 28. Bf3 a5 0-1

[Event "US Masters op"]
[Site "Greensboro"]
[Date "2016.08.26"]
[Round "2"]
[White "Kamsky, Gata"]
[Black "Ruiz Sanchez, Orlen"]
[Result "1-0"]
[WhiteElo "2638"]
[BlackElo "2440"]
[PlyCount "67"]
[EventDate "2016.08.25"]
[EventType "swiss"]
[EventRounds "9"]
[EventCountry "USA"]
[SourceTitle "CBM 174 Extra"]
[Source "ChessBase"]
[SourceDate "2016.10.10"]
[SourceVersion "1"]
[SourceVersionDate "2016.10.10"]
[SourceQuality "1"]

1. e4 c5 2. Nc3 d6 3. Bc4 Nc6 4. Nf3 e6 5. O-O Be7 6. a3 Nf6 7. d3 a6 8. Ba2
O-O 9. h3 b5 10. Re1 Bb7 11. Ne2 c4 12. Bf4 Rc8 13. Ng3 cxd3 14. cxd3 Kh8 15.
d4 d5 16. e5 Ne4 17. Bb1 Na5 18. Nxe4 dxe4 19. Bxe4 Bxe4 20. Rxe4 Qd5 21. Qe2
Nb3 22. Re1 Rc7 23. Bg5 h6 24. Bxe7 Rxe7 25. Rh4 Rc7 26. Qe3 Kg8 27. Rg4 Kh8
28. Qf4 Rfc8 29. Kh2 Nc1 30. Re3 Qc4 31. Ng5 hxg5 32. Qxg5 f5 33. exf6 g6 34.
Rc3 1-0

[Event "US Masters op"]
[Site "Greensboro"]
[Date "2016.08.26"]
[Round "3"]
[White "Priyadharshan, Kannappan"]
[Black "Kamsky, Gata"]
[Result "0-1"]
[WhiteElo "2514"]
[BlackElo "2638"]
[PlyCount "104"]
[EventDate "2016.08.25"]
[EventType "swiss"]
[EventRounds "9"]
[EventCountry "USA"]
[SourceTitle "CBM 174 Extra"]
[Source "ChessBase"]
[SourceDate "2016.10.10"]
[SourceVersion "1"]
[SourceVersionDate "2016.10.10"]
[SourceQuality "1"]

1. e4 g6 2. d4 Bg7 3. Nc3 d6 4. Be3 a6 5. Qd2 b5 6. h4 h6 7. h5 g5 8. f4 gxf4
9. Bxf4 Nf6 10. O-O-O Bb7 11. e5 dxe5 12. dxe5 Qxd2+ 13. Rxd2 Nfd7 14. e6 fxe6
15. Bxc7 Nc6 16. Nf3 Rc8 17. Bg3 Nc5 18. Rh4 Rg8 19. Bf2 Ne5 20. Be2 Rf8 21.
Bd4 Nxf3 22. Bxf3 Bxd4 23. Rdxd4 e5 24. Rd1 Bxf3 25. gxf3 Rxf3 26. Rg4 Rc6 27.
Nd5 Kf7 28. Rdg1 Ke6 29. Nb4 Rd6 30. Rg6+ Rf6 31. a3 e4 32. Na2 Rd5 33. Rh1 Kf7
34. Nc3 Re5 35. Rg3 Rff5 36. Rg6 Rf6 37. Rg3 e3 38. Re1 e2 39. b4 Rf1 40. Kd2
Rxe1 41. Kxe1 Ne6 42. Rg4 Rxh5 43. Nxe2 Rh3 44. c3 h5 45. Re4 Rh1+ 46. Kf2 Ra1
47. Re5 Ra2 48. Kf1 Kf6 49. Re3 h4 50. Rh3 Kg5 51. Re3 Kf5 52. Rh3 Rxe2 0-1

[Event "US Masters op"]
[Site "Greensboro"]
[Date "2016.08.27"]
[Round "4"]
[White "Kamsky, Gata"]
[Black "Sevian, Samuel"]
[Result "1-0"]
[WhiteElo "2638"]
[BlackElo "2600"]
[PlyCount "99"]
[EventDate "2016.08.25"]
[EventType "swiss"]
[EventRounds "9"]
[EventCountry "USA"]
[SourceTitle "CBM 174 Extra"]
[Source "ChessBase"]
[SourceDate "2016.10.10"]
[SourceVersion "1"]
[SourceVersionDate "2016.10.10"]
[SourceQuality "1"]

1. g3 Nf6 2. Bg2 d5 3. f4 g6 4. Nf3 Bg7 5. d3 O-O 6. O-O Re8 7. Qe1 Nc6 8. e4
dxe4 9. dxe4 e5 10. f5 gxf5 11. Nh4 Nxe4 12. Nxf5 Bxf5 13. Rxf5 Nd6 14. Rf1 e4
15. c3 Ne5 16. Qe2 Nd3 17. Bf4 f5 18. Na3 Be5 19. Be3 Qd7 20. Rad1 Qg7 21. Nc2
Rf8 22. Nb4 f4 23. gxf4 Nxf4 24. Bxf4 Bxf4 25. Nd5 Be5 26. Qh5 Rfe8 27. Qh3 Kh8
28. Kh1 Rf8 29. Qh5 Rxf1+ 30. Rxf1 Rg8 31. Bh3 Nc4 32. Ne7 Qxe7 33. Rf7 Qxf7
34. Qxf7 Nd6 35. Qxc7 a6 36. Bf5 Rg7 37. Qd8+ Rg8 38. Qe7 Nxf5 39. Qxe5+ Ng7
40. Qxe4 Rb8 41. Qe7 h5 42. Qc7 Re8 43. Qxb7 Re2 44. Kg1 Kh7 45. c4 h4 46. c5
h3 47. c6 Rg2+ 48. Kf1 Kg6 49. c7 Nf5 50. Qb6+ 1-0

[Event "US Masters op"]
[Site "Greensboro"]
[Date "2016.08.27"]
[Round "5"]
[White "Shabalov, Alexander"]
[Black "Kamsky, Gata"]
[Result "1/2-1/2"]
[WhiteElo "2542"]
[BlackElo "2638"]
[PlyCount "23"]
[EventDate "2016.08.25"]
[EventType "swiss"]
[EventRounds "9"]
[EventCountry "USA"]
[SourceTitle "CBM 174 Extra"]
[Source "ChessBase"]
[SourceDate "2016.10.10"]
[SourceVersion "1"]
[SourceVersionDate "2016.10.10"]
[SourceQuality "1"]

1. Nf3 Nf6 2. c4 c6 3. Nc3 d5 4. cxd5 cxd5 5. d4 Nc6 6. Bf4 Bf5 7. e3 e6 8. Bd3
Bxd3 9. Qxd3 Bd6 10. Bxd6 Qxd6 11. O-O O-O 12. Rfc1 1/2-1/2

[Event "US Masters op"]
[Site "Greensboro"]
[Date "2016.08.28"]
[Round "6"]
[White "Kamsky, Gata"]
[Black "Zherebukh, Yaroslav"]
[Result "1-0"]
[WhiteElo "2638"]
[BlackElo "2600"]
[PlyCount "101"]
[EventDate "2016.08.25"]
[EventType "swiss"]
[EventRounds "9"]
[EventCountry "USA"]
[SourceTitle "CBM 174 Extra"]
[Source "ChessBase"]
[SourceDate "2016.10.10"]
[SourceVersion "1"]
[SourceVersionDate "2016.10.10"]
[SourceQuality "1"]

1. d4 d5 2. Bf4 Nf6 3. e3 c5 4. Nf3 Nc6 5. Nbd2 e6 6. c3 Bd6 7. Bg3 O-O 8. Bd3
b6 9. Qe2 Bb7 10. Rd1 g6 11. Bh4 Be7 12. O-O Nh5 13. Bxe7 Qxe7 14. Ne5 cxd4 15.
Nxc6 Bxc6 16. exd4 Nf4 17. Qf3 e5 18. dxe5 Qxe5 19. Rfe1 Qc7 20. Nb3 Rae8 21.
Nd4 Ba4 22. Rc1 Rxe1+ 23. Rxe1 Re8 24. Rxe8+ Bxe8 25. g3 Nxd3 26. Qxd3 Bd7 27.
Qe3 Qd6 28. f3 a5 29. a3 Kg7 30. Kf2 f6 31. h4 h6 32. Qd3 Qc7 33. Qa6 g5 34.
hxg5 fxg5 35. Qa8 Qd6 36. Qd8 Kg6 37. Qg8+ Kf6 38. Qh7 Be8 39. Qxh6+ Bg6 40. f4
gxf4 41. gxf4 Ke7 42. Qg7+ Kd8 43. Qe5 Kd7 44. Kg3 Bf7 45. Qxd6+ Kxd6 46. Kg4
Kc5 47. Kf5 b5 48. Kf6 Bh5 49. Ke5 b4 50. cxb4+ axb4 51. a4 1-0

[Event "US Masters op"]
[Site "Greensboro"]
[Date "2016.08.28"]
[Round "7"]
[White "Stukopin, Andrey"]
[Black "Kamsky, Gata"]
[Result "1-0"]
[WhiteElo "2586"]
[BlackElo "2638"]
[Annotator "Stukopin,A"]
[PlyCount "67"]
[EventDate "2016.08.25"]
[EventType "swiss"]
[EventRounds "9"]
[EventCountry "USA"]
[SourceTitle "CBM 176"]
[Source "ChessBase"]
[SourceDate "2017.01.17"]
[SourceVersion "1"]
[SourceVersionDate "2017.01.17"]
[SourceQuality "1"]

1. e4 c5 2. Nf3 e6 3. d4 cxd4 4. Nxd4 a6 5. Bd3 Bc5 6. Nb3 Ba7 {Gata Kamsky is
one of the greatest specialists of this position. Nonetheless, White has way
too many different options such as 7.c4, 7.Qe2, 7.Qg4, 7.0-0 with different
ideas behind each. This large variety of moves and plans makes Black's
preparation more difficult and easier to forget. In the game, I decided to
castle which, in my opinion, leaves a little bit more flexibility to White in
the future. After 7.0-0, White does not determine where he will place the
queen since it can go either to e2 or g4, but the latter move gains additional
ideas related to capturing the pawn on g7 which is meaningless without having
0-0 played due to the hanging pawn on g2.} 7. O-O d6 {I had never seen this
move played before Kamsky made it on the board. Later, looking at Kamsky's
games in the database, I realized that he knew exactly what he was doing.
There may be different ideas related to this move like at some point
developing the b8-knight to d7, having the option to open up the c8-bishop
faster by playing ...e5, and even simply making this move specifically against
8.Qg4.} ({A more natural move would be} 7... Nc6 8. Qg4 (8. Qe2 d6) 8... Nf6 9.
Qxg7 Rg8 10. Qh6 Ne5 11. Be2 (11. Bg5 $2 Rg6 12. Qh4 Nf3+ 13. gxf3 h6 14. Kh1
hxg5 $15) 11... d5 (11... b5 $5 12. Bg5 Neg4 13. Bxg4 Nxg4 14. Bxd8 Nxh6 15.
Bf6 Bb7 16. N1d2 Rc8 17. c3 d5 18. Rae1 dxe4 19. Nxe4 Nf5 $44 {and Black has
good compensation for a pawn}) 12. Bg5 Neg4 {Salgado Lopez - Smirin Ilia, 0-1,
2011, George Marx Memorial 9th Paks.}) 8. Qg4 Nf6 9. Qxg7 (9. Qg3 Nc6 {
transposition to 7...Nc6.}) 9... Rg8 10. Qh6 Nc6 11. Bg5 Rg6 12. Qh4 Ne5 {
All the moves were executed by my opponent without thinking.} (12... h6 $5 {
I am surprised that Kamsky didn't even consider making this move in the game.}
13. Bxf6 (13. Bxh6 {would lead to a crazy position where only engines can
understand anything.} Rg4 14. Qh3 e5 15. Be2 (15. Be3 Rg8 16. Qh4 Rg4 $11)
15... Rxe4 16. Qd3 Nb4 17. Qd2 Ng4 18. Bxg4 (18. Nc3 Rxe2 (18... Qh4 $5 19.
Bxg4 Rxg4 20. Qxd6 Rxg2+ 21. Kxg2 Qg4+ 22. Kh1 Qf3+ $11) 19. Qxe2 Nxh6 $13)
18... Rxg4 19. Be3 (19. Nc3 Bf5 20. Ne2 (20. Rac1 $2 Nxa2 $1 21. Nxa2 Be4 22.
g3 Qh4 $19 {[%csl Rg1][%cal Rg4g3,Gh4h3]}) 20... Nxc2 21. Rac1 Rc8 $13) (19. g3
Bf5 20. Na3 Rc8 21. c3 Nd3 22. Be3 Bxe3 23. Qxe3 Qh4 $36 {[%csl Rg1][%cal
Gh4h3,Gd3f4]}) 19... Bxe3 20. fxe3 Be6 21. Nc3 Qb6 $44 {[%cal Ge8c8]}) 13...
Qxf6 14. Qxf6 Rxf6 {[%csl Ga7][%cal Ge8e7,Gc8d7,Ga8g8,Gf6g6,Gc6e5] and Black
definitely has certain compensation for a pawn.}) 13. N1d2 Bd7 {A little bit
too slow.} ({Again} 13... h6 $5 {would give Black good compensation after} 14.
Bxf6 Qxf6 15. Qxf6 Rxf6 16. Be2 Bd7 {[%csl Ga7][%cal Ge8e7,Ga8g8,Gh6h5,Gh5h4,
Gf6g6]}) 14. Rae1 Bb5 $6 {It may be difficult to believe, but this move may
have been the crusial mistake for Black in the game. It is very likely that my
opponent simply confused his own analyses...} (14... Rc8 {was still holding on,
though balancing on a tightrope.} 15. h3 Ba4 $1 (15... Bb6 16. Be3 Ba4 17. f4
Bxb3 18. Nxb3 Bxe3+ 19. Rxe3 Qb6 20. Qe1 Nc4 21. Bxc4 Rxc4 22. Rf2 $16) 16. Re2
{The only human move in the position that leads to some advantage for White.} (
16. Be3 Bxb3 17. axb3 Qa5 $1 18. Bxa7 Qxd2 19. Re3 (19. Kh1 Nxd3 20. cxd3 Qxd3
$15) 19... Nxd3 20. cxd3 (20. Rxd3 Qxc2 21. Rfd1 Qe2 $44)) (16. Rc1 Bxb3 17.
axb3 Bd4 18. Be2 Bxb2 19. Rb1 Bd4 20. Nc4 Nxc4 21. bxc4 Qa5 (21... b6 22. Rbd1
Rc5 23. Bc1 e5 24. Bg5 {[%cal Ge2h5]} h6 25. Bxh6 Nd5 26. Qxd8+ Kxd8 27. Bd2
Nc3 28. Bxc3 Bxc3 29. Rd3 Rxc4 30. Rf3 Rc7 31. Bxa6 $16) 22. Bxf6 Bxf6 23. Qf4
Be5 24. Qe3 Qc5 25. Qxc5 Rxc5 26. Rxb7 $14) (16. Kh1 h6 17. Bxh6 Nfg4 18. Qxd8+
Kxd8 19. Be3 Nxe3 20. fxe3 Rg3 21. Nd4 Bxd4 22. exd4 Nxd3 23. cxd3 Rc2 24. Nc4
Rgxg2 $11) 16... Qe7 17. Be3 Bxe3 18. Rxe3 Nxd3 19. cxd3 Bxb3 20. axb3 (20.
Nxb3 Rc2 21. Rb1 e5 $44) 20... Nd7 (20... Rc2 21. Nf3 Nd7 (21... Rxb2 $2 22.
Rc1 {[%csl Rh7][%cal Ge4e5]} e5 23. d4 {[%cal Ge3c3]} Kf8 24. dxe5 dxe5 25.
Rec3 h6 26. Rc7 Qe6 27. R1c5 $18) 22. Qxh7 (22. Qxe7+ Kxe7 23. Nd4 Rxb2 24.
Nf5+ Kf8 25. Nxd6 Rxb3 26. d4 Rb4 27. Rd1 $14) 22... Qf8 {[%cal Gg6h6]} 23. Qh4
Qg7 24. Ne1 Rxb2 (24... Rc7 25. f4 Qxb2 26. f5 Qf6 27. Qf2 Rg8 28. Re2 e5 29.
Nf3 $16 {[%csl Ge4,Re8,Gf5][%cal Ge2c2]}) 25. e5 $1 {[%csl Rb7][%cal Gh4b4]}
Nxe5 (25... dxe5 26. Qb4 {[%csl Re8]})) 21. Qh5 (21. Qxh7 $2 Qg5 {[%cal Rg5g2,
Rg6h6]} 22. Rg3 Qxd2 23. Rxg6 fxg6 24. Qxg6+ Ke7 $15) 21... Qg5 (21... Nf6 22.
Qe2 $16) 22. Qxg5 Rxg5 23. f4 Rg7 (23... Rb5 24. d4 $11) 24. Nf3 $14) 15. Bxb5+
axb5 16. h3 Rc8 17. c3 Nd3 $2 {A pure blunder.} (17... b4 {Although the engine
enthusastically favours White, it was an interesting try to complicate the
position. The game may have continued} 18. cxb4 Rc2 19. Rc1 $1 (19. Kh1 h6 20.
Be3 $16) 19... Rxb2 {and} 20. Rc3 $1 {[%cal Re5d3,Re5f3,Gf1c1,Gc1c8] not
allowing any activity from Black's side and taking control over the c-file.} h6
21. Bf4 $18) 18. Re3 $1 {Black obviously missed this nice and, at the same
time, unsophisticated reply. Now, Black's knight has nothing to do, but to go
back.} Ne5 (18... Nxb2 $2 19. Rf3 $18) ({After} 18... Bxe3 19. fxe3 Qb6 {
White has a pleasant choice} 20. Rxf6 (20. Nd4 $5 Nd7 21. Qxh7 N3e5 (21... N7e5
22. Rxf7 Nxf7 23. Qxg6) 22. Rxf7 Nxf7 23. Qxg6 Nf8 24. Qg8 Nxg5 25. Qxg5 Qc5
26. Qg8 $18) 20... Rxf6 21. Bxf6 Qxe3+ 22. Kh2 $16) 19. Rg3 {White's position
has stabilised. "The rest should be simple," - were my thoughts at that moment.
Indeed, the position looks totally lost for Black.} Kd7 20. Nf3 Qg8 21. Nxe5+
dxe5 22. Rd3+ Nd5 (22... Ke7 {It is too sad to make such moves in a game.} 23.
Bxf6+ Rxf6 24. Rd7+ Kxd7 25. Qxf6 $18 {[%csl Rb5,Re5] everything is falling
apart.}) 23. exd5 Rxg5 ({But} 23... Rc4 {doesn't help, due to} 24. dxe6+ Kxe6
25. Rd8 $1 Rxh4 (25... Qg7 26. Re8+ Kd7 27. Rd1+ $1) 26. Rxg8 Rxg8 27. Bxh4 $18
) 24. dxe6+ $6 {Inaccuracy.} (24. Qb4 $1 {was winning on the spot} Rxg2+ 25.
Kh1 {and Black's king has no time to escape} Rxf2 26. dxe6+ Ke8 (26... Kxe6 27.
Qd6+ Kf5 28. Rxf2+ Bxf2 29. Rf3+ Kg5 (29... Ke4 30. Qd3#) 30. Qf6+ Kh5 31. Rf5+
Qg5 32. Qxg5#) 27. Qxb5+ Rc6 (27... Kf8 28. e7+ Kxe7 29. Qxe5+ Kf8 30. Qd6+ Kg7
31. Rg3+ $18) 28. Rxf2 Bxf2 29. exf7+ Qxf7 (29... Kxf7 30. Qxb7+) 30. Qxe5+ Qe7
31. Qh8+ Kf7 32. Qxh7+ $18) 24... Kxe6 25. Qe4 (25. Kh1 $5 {was also a good
prophylactic move.} Rxg2 26. Qe4 Rg6 27. f4 $1 {Even this move works.
Apparently, Black's position is just too hopeless.} (27. Rfd1 $18) 27... Rg1+
28. Kh2 $18 {[%csl Re6]}) 25... Qg6 26. Qxb7 Qxd3 27. Qxc8+ Kf6 (27... Qd7 28.
Nc5+ Bxc5 29. Qxc5 $18 {White has two extra pawns and Black's king is in the
centre.}) 28. h4 $1 {A very important resource. Otherwise, Black would have
been very close to equalising.} (28. Qh8+ Kg6 29. Qa8 Kg7 30. Nd2 (30. Qxa7 $2
Qf3 $1 31. g3 Rxg3+ 32. fxg3 Qxg3+ 33. Kh1 Qxh3+ 34. Kg1 Qg3+ $11) 30... Qxh3
31. Qf3 Rg3 32. Qd5 Rg5 {and things are not very simple.}) (28. Qa6+ $2 Kg7 $11
) 28... Rg6 29. h5 $1 (29. Qa6+ $2 Kg7 30. Qxa7 Qf3 $11 {the same idea.}) 29...
Rg5 30. Qa6+ Kg7 (30... Kf5 31. Qxa7 Qd5 (31... Qf3 32. Qxf7+) 32. f3) 31. h6+
Kf8 (31... Kh8 32. Qf6+) (31... Kg8 32. Qc8+) 32. Qxa7 Qf3 33. Qb8+ Ke7 34.
Qxe5+ $1 1-0

[Event "US Masters op"]
[Site "Greensboro"]
[Date "2016.08.29"]
[Round "8"]
[White "Kamsky, Gata"]
[Black "Shimanov, Aleksandr"]
[Result "1/2-1/2"]
[WhiteElo "2638"]
[BlackElo "2639"]
[PlyCount "55"]
[EventDate "2016.08.25"]
[EventType "swiss"]
[EventRounds "9"]
[EventCountry "USA"]
[SourceTitle "CBM 174 Extra"]
[Source "ChessBase"]
[SourceDate "2016.10.10"]
[SourceVersion "1"]
[SourceVersionDate "2016.10.10"]
[SourceQuality "1"]

1. e4 c6 2. d4 d5 3. exd5 cxd5 4. c3 Nc6 5. Bf4 Bf5 6. Qb3 Qd7 7. Nd2 e6 8.
Ngf3 a6 9. Ne5 Nxe5 10. Bxe5 Ne7 11. Be2 Nc6 12. Bg3 Be7 13. a4 O-O 14. O-O
Rac8 15. Rfe1 Rfe8 16. Bf1 Bf6 17. Qa2 Nb8 18. Bf4 Qc6 19. a5 Nd7 20. Re3 Nf8
21. Nf3 Ng6 22. Ne5 Nxe5 23. Bxe5 Bg5 24. Ree1 Bc2 25. Bg3 Qd7 26. Qa3 Be7 27.
Qa2 Bg5 28. Qa3 1/2-1/2

[Event "US Masters op"]
[Site "Greensboro"]
[Date "2016.08.29"]
[Round "9"]
[White "Gareyev, Timur"]
[Black "Kamsky, Gata"]
[Result "1-0"]
[WhiteElo "2619"]
[BlackElo "2638"]
[PlyCount "135"]
[EventDate "2016.08.25"]
[EventType "swiss"]
[EventRounds "9"]
[EventCountry "USA"]
[SourceTitle "CBM 174 Extra"]
[Source "ChessBase"]
[SourceDate "2016.10.10"]
[SourceVersion "1"]
[SourceVersionDate "2016.10.10"]
[SourceQuality "1"]

1. d4 Nf6 2. c4 e6 3. Nc3 Bb4 4. Qc2 c5 5. dxc5 Qc7 6. a3 Bxc5 7. Nf3 a6 8. Bg5
Be7 9. e3 b6 10. Be2 Bb7 11. O-O d6 12. Rfd1 Nbd7 13. Rac1 O-O 14. Qb1 Rac8 15.
h3 Qb8 16. Bf4 h6 17. Bg3 Rfd8 18. b4 Bf8 19. Qb3 Re8 20. Nd2 Qa8 21. Nf3 e5
22. Ne1 Rc7 23. Qb2 Rec8 24. f3 e4 25. Bxd6 exf3 26. Nxf3 Rc6 27. Bf4 Re6 28.
Nd4 Ree8 29. Bf1 g6 30. Qf2 Bg7 31. Bd6 h5 32. Nf3 Bxf3 33. gxf3 Ne5 34. Bxe5
Rxe5 35. f4 Re6 36. Bg2 Qb8 37. Nd5 a5 38. bxa5 bxa5 39. Rb1 Qa7 40. Rb7 Qc5
41. f5 gxf5 42. Qxf5 Kf8 43. Rf1 Rce8 44. Qg5 Rxe3 45. Nxf6 R3e5+ 46. Kh1 Rxg5
47. Nd7+ Kg8 48. Nxc5 Rxc5 49. Bd5 Rf8 50. Rf5 Kh7 51. Be4 Rxf5 52. Bxf5+ Kh6
53. c5 Kg5 54. Bd7 Be5 55. c6 f5 56. c7 Bxc7 57. Rxc7 Rf7 58. Kg2 Re7 59. Kf2
h4 60. a4 Re4 61. Rc5 Rd4 62. Bb5 Rf4+ 63. Ke2 Re4+ 64. Kd3 Re1 65. Bc6 Kf4 66.
Rxa5 Rc1 67. Bb7 Rc7 68. Rb5 1-0

[Event "RUS-chT rapid"]
[Site "Sochi"]
[Date "2016.10.05"]
[Round "1.3"]
[White "Nechaev, Oleg"]
[Black "Kamsky, Gata"]
[Result "0-1"]
[WhiteElo "2358"]
[BlackElo "2637"]
[PlyCount "56"]
[EventDate "2016.10.05"]
[EventType "team-swiss (rapid)"]
[EventRounds "9"]
[EventCountry "RUS"]
[SourceTitle "EXT 2017"]
[Source "ChessBase"]
[SourceDate "2016.10.25"]
[SourceVersion "1"]
[SourceVersionDate "2016.10.25"]
[SourceQuality "1"]
[WhiteTeam "Stavropol Region"]
[BlackTeam "Tatarstan Rook"]
[WhiteTeamCountry "RUS"]
[BlackTeamCountry "RUS"]

1. c4 e5 2. Nc3 Nc6 3. g3 Bc5 4. Bg2 a6 5. e3 Nge7 6. Nge2 Ba7 7. O-O d6 8. d4
O-O 9. a3 exd4 10. Nxd4 Ne5 11. b3 Rb8 12. h3 Bd7 13. Kh2 b5 14. f4 N5c6 15.
Nxc6 Bxc6 16. Nd5 Ba8 17. Bb2 f5 18. Nxe7+ Qxe7 19. Bxa8 Rxa8 20. cxb5 axb5 21.
Qd5+ Qf7 22. Qd3 Rfe8 23. Rf3 Re4 24. a4 Rae8 25. axb5 Bxe3 26. Re1 Bb6 27. Rd1
Re2+ 28. Kh1 Rxb2 0-1

[Event "RUS-chT rapid"]
[Site "Sochi"]
[Date "2016.10.05"]
[Round "2.3"]
[White "Kamsky, Gata"]
[Black "Belyakov, Bogdan"]
[Result "1-0"]
[WhiteElo "2637"]
[BlackElo "2487"]
[PlyCount "127"]
[EventDate "2016.10.05"]
[EventType "team-swiss (rapid)"]
[EventRounds "9"]
[EventCountry "RUS"]
[SourceTitle "EXT 2017"]
[Source "ChessBase"]
[SourceDate "2016.10.25"]
[SourceVersion "1"]
[SourceVersionDate "2016.10.25"]
[SourceQuality "1"]
[WhiteTeam "Tatarstan Rook"]
[BlackTeam "Yamal YaNAO"]
[WhiteTeamCountry "RUS"]
[BlackTeamCountry "RUS"]

1. d4 Nf6 2. Bf4 d6 3. e3 g6 4. h3 Bg7 5. Nf3 O-O 6. c3 Nc6 7. Be2 Qe8 8. Bh2
e5 9. O-O a6 10. a4 Bf5 11. Nbd2 Rd8 12. Nc4 Qe7 13. Re1 e4 14. Nfd2 d5 15. Na3
g5 16. b4 Nb8 17. b5 axb5 18. axb5 c6 19. bxc6 bxc6 20. Nc2 c5 21. dxc5 Qxc5
22. Nd4 Bd7 23. c4 dxc4 24. Nxc4 Be6 25. Ra5 Qb4 26. Qb1 Qxb1 27. Rxb1 Rxd4 28.
exd4 Nc6 29. Rxg5 Nxd4 30. Bf1 h6 31. Rc5 Nd5 32. Rb8 Rxb8 33. Bxb8 Kh7 34. Be5
Bxe5 35. Nxe5 Kg7 36. Rc4 Kf6 37. Ng4+ Bxg4 38. Rxd4 Be6 39. Rxe4 Ne7 40. Bc4
Bf5 41. Rd4 Ng6 42. f4 h5 43. Kf2 h4 44. Kf3 Bc8 45. Rd6+ Ke7 46. Rb6 Bd7 47.
Bd5 Nf8 48. Rh6 Ng6 49. Be4 Kf6 50. Bxg6 fxg6 51. Rxh4 Kg7 52. f5 Bxf5 53. Rb4
g5 54. g4 Bd3 55. Rd4 Bc2 56. Ke3 Kf6 57. Rb4 Kg7 58. Kd4 Kf6 59. Rb6+ Kg7 60.
Rb2 Bg6 61. Rb7+ Kf6 62. Rb6+ Kg7 63. Rxg6+ Kxg6 64. Ke5 1-0